Practical Organic Chemistry (Record no. 195278)

MARC details
000 -LEADER
fixed length control field 00493nam a2200205Ia 4500
008 - FIXED-LENGTH DATA ELEMENTS--GENERAL INFORMATION
fixed length control field 240823s9999||||xx |||||||||||||| ||und||
020 ## - INTERNATIONAL STANDARD BOOK NUMBER
International Standard Book Number 978-81-31-2710-2
082 ## - DEWEY DECIMAL CLASSIFICATION NUMBER
-- 547.0028 Q1
100 ## - MAIN ENTRY--PERSONAL NAME
Personal name Mann F G
245 #0 - TITLE STATEMENT
Title Practical Organic Chemistry
250 ## - EDITION STATEMENT
Edition statement 4th
260 ## - PUBLICATION, DISTRIBUTION, ETC. (IMPRINT)
Date of publication, distribution, etc 2011
Name of publisher, distributor, etc Pearson Education Internat
500 ## - GENERAL NOTE
General note TRANSFERED
650 ## - SUBJECT ADDED ENTRY--TOPICAL TERM
Topical term or geographic name as entry element Organic
700 ## - ADDED ENTRY--PERSONAL NAME
Personal name Saunders B C
942 ## - ADDED ENTRY ELEMENTS (KOHA)
Item type Books
Holdings
Withdrawn status Lost status Damaged status Permanent location Current location Shelving location Date acquired Source of acquisition Cost, normal purchase price Full call number Barcode Date last seen Koha item type
      CENTRAL LIBRARY, NOORUL ISLAM CENTRE FOR HIGHER EDUCATION CENTRAL LIBRARY, NOORUL ISLAM CENTRE FOR HIGHER EDUCATION Chemistry 04/06/2013 Higginbothams Private Ltd 499.00 547.0028 Q1 47012 08/23/2024 Books
Visitors:
Copyright © 2024 Central Library NICHE.  All rights reserved.